000 00476nam a22001337a 4500
005 20241023094609.0
008 241023b |||||||| |||| 00| 0 eng d
100 _aSingian, Editha C.
_eauthor.
_963374
245 _aEditha's way :
_bvaletta, malta /
_cEditha C. Singian.
260 _aPhilippines;
_bPhilippine Graphic Publishing Inc.,
_cFebruary 2020.
300 _aVolume 20, pages 18-23,
_billustration.
700 _aSingian, Editha C.
_eauthor.
_963375
942 _2ddc
_cPER
999 _c22845
_d22845